Responses for Show #1387 - Tuesday, September 18, 1990

Game entered from audiorecording. Missing prizes.

Contestants

[<< previous game]

Judy Alster, a publications planning manager from New York City, New York

David McKinstry, a banker and student originally from Newton Falls, Ohio

Kyle Freeman, a teacher and proofreader from San Francisco, California (whose 4-day cash winnings total $36,003)

[next game >>]

Jeopardy! Round responses

TRAVEL & TOURISM
PROVERBS
HISTORY
SPORTS
ART
TV SHOW OPENINGS
(Alex: We will describe the opening and what you have to do in most cases is identify the show.)
    $100 11
Oslo

Judy
    $100 6
brevity

Kyle
    $100 14
Toledo

Judy
    $100 16
tennis

Kyle
    $100 1
Rodin

Kyle
    $100 23
The Andy Griffith Show

David
    $200 12
tea ceremony

Judy
    $200 7
a sinking ship

Kyle
    $200 15
Muhammad Ali

Kyle
    $200 17
Frank Gifford

David
    $200 2
Florence

Kyle
    $200 24
The Dick Van Dyke Show

Kyle
    $300 13
Texas

David
    $300 8
her mother

Judy
    $300 18
(Mahatma) Gandhi

Judy
    $300 25
(Alex: We have less than a minute to go.)

(Jean-Claude) Killy

David
    $500 3
Rembrandt

Kyle
    $300 26
Superman

Kyle
    $400 21
Club Med

Judy
    $400 9
Marry in haste and repent in leisure

Judy
    $400 19
Rhodesia

Judy
    $400 27
(Jack) Dempsey

Kyle
    $400 4
tempera

Judy
    $400 29
The Brady Bunch

David
    $500 22
the Parthenon

Judy
    $500 10
Ben Franklin

Judy
    $500 20
(Fulgencio) Batista

David
    $500 28
(David: What is 14-foot?)
...
(Alex: We're talking about high jumping, not pole vaulting.)

8 feet

KyleDavid
    $500 5
pointillism

Judy
    $500 30
(David: What is uh, the... Borax Show?)
[Laughter]

Death Valley Days

KyleDavid

Scores at the first commercial break (after clue 15):

Kyle David Judy
$1,300 $300 $2,500

Scores at the end of the Jeopardy! Round:

Kyle David Judy
$3,300 $800 $4,100

Double Jeopardy! Round responses

ASTRONOMY
LANGUAGES
RELIGION
POLITICAL PARTIES
U.S.A.
MEN OF LETTERS
(Alex: This is a category about famous authors... we want you to give us their first initials as well.)
    $200 22
Pluto

Kyle
    $200 11
German

Kyle
    $200 6
the Jews

Judy
    $200 1
slavery

David
    $200 16
Alaska

David
    $200 12
J.D. Salinger

Kyle
    $400 23
(Judy: What is Sanskrit?)
...
(Alex: The language of Iran, yes; less than a minute to go.)

Farsi

KyleJudy
    $400 7
(Alex: Yes, [*] is the Chinese name for it.)

Shinto

David
    $1,000 2
(Alex: David?)
(David: [No response])

the Prohibition Party

David
    $400 17
New Orleans

Judy
    $400 13
E.M. Forster

Judy
    $600 24
Latin

Judy
    $600 8
St. Barbara (Santa Barbara)

Triple Stumper
    $600 3
the Greenbacks

David
    $600 19
Chicago

Triple Stumper
    $600 14
P.G. Wodehouse

Judy
    $2,500 25
Celtic

Judy
    $800 9
the Salvation Army

David
    $800 4
(Kyle: Who is John Nance Garner?)
...
(Alex: There's only one other one, wasn't there? Who is [*]?)

Henry Wallace

Kyle
Triple Stumper
    $800 20
Virginia

David
    $800 15
E.B. White

David
    $1000 26
[The end-of-round signal sounds.]

Navajo

Judy
    $1000 10
Sunnis

Kyle
    $1000 5
Minnesota

Triple Stumper
    $1000 21
Connecticut

David
    $1000 18
C.S. Lewis

David

Scores at the end of the Double Jeopardy! Round:

Kyle David Judy
$4,500 $5,600 $9,400

[wagering suggestions for these scores]

Final Jeopardy! Round responses

GEOGRAPHY
KyleWhat is Belize? That's all folks
$4,500
DavidWhat is Honduras?
$5,599
JudyWhat is Honduras?
$1,801
Guatemala

Final scores:

Kyle David Judy
$0 $1 $7,599
3rd place 2nd place New champion: $7,599

Game dynamics:

Coryat scores:

Kyle David Judy
$4,300 $6,600 $7,700
17 R
(including 1 DD),
1 W
15 R,
3 W
(including 1 DD)
19 R
(including 1 DD),
1 W

Combined Coryat: $18,600

[game clues] [game scores] [suggest correction]

Game tape date: 1990-08-06
The J! Archive is created by fans, for fans. Scraping, republication, monetization, and malicious use prohibited; this site may use cookies and collect identifying information. See terms. The Jeopardy! game show and all elements thereof, including but not limited to copyright and trademark thereto, are the property of Jeopardy Productions, Inc. and are protected under law. This website is not affiliated with, sponsored by, or operated by Jeopardy Productions, Inc. Join the discussion at JBoard.tv.